Statistics for 25 most populated islands in continental countries

Click here to take the quiz!

General Stats

  • This quiz has been taken 679 times
  • The average score is 9 of 25

Answer Stats

PopulationAnswer% Correct
5,017,000Sicily
83%
1,659,000Sardinia
78%
5,770,000Malaysian Borneo
69%
7,838,822Long Island
64%
9,450,000Hainan
61%
1,619,090Manhattan
61%
870,297Vancouver Island
52%
2,287,740Zealand
51%
862,397Mallorca
50%
1,253,417Hong Kong Island
45%
976,372Oahu
43%
3,474,182Puerto Rico
32%
896,721Unguja
32%
906,854Tenerife
28%
2,014,221Montreal
27%
838,397Gran Canaria
23%
15,111,974Salsette
18%
837,868Réunion
12%
2,040,000Xiamen Island
9%
860,000Penang Island
8%
1,253,417São Luís
5%
1,758,000Bhola Island
3%
2,890,000Zhongshan Island
3%
762,746Cangshan
2%
1,558,663Haizhu
2%

Score Distribution

Percentile by Number Answered

Percent of People with Each Score

Your Score History

You have not taken this quiz